Statystyki dla Top 10 największych państw Azji według powierzchni

Kliknij tutaj aby rozwiązać quiz!

Ogólne statystyki

  • Ten quiz został rozwiązany 571 razy
  • Średni wynik to 9 z 10

Statystyki odpowiedzi

km2Kraj% Poprawnych
9 596 960Chiny
100%
17 075 400Rosja
99%
3 287 590Indie
98%
2 724 900Kazachstan
97%
1 564 116Mongolia
94%
2 149 690Arabia Saudyjska
92%
1 919 440Indonezja
91%
1 648 195Iran
91%
803 940Pakistan
84%
780 580Turcja
81%

Rozkład punktacji

Percentyl według liczby udzielonych odpowiedzi

Procent ludzi z każdym wynikiem

Twoja historia wyników

Nie rozwiązałeś tego quizu